[Event "I Open"]
[Site "Trento ITA"]
[Date "2008.03.28"]
[Round "1"]
[White "Giancotti, Eraldo"]
[Black "Centofante, Maria Rosa"]
[Result "1-0"]
[WhiteElo "2070"]
[BlackElo "1571"]
[PlyCount "57"]
[EventDate "2008.03.28"]

1. d4 Nf6 2. Nf3 d5 3. e3 Bg4 4. c4 c6 5. Qb3 Qc7 6. Nc3 Bxf3 7. gxf3 e6 8. Bd2
Nbd7 9. Rc1 a6 10. cxd5 e5 11. dxe5 Nxe5 12. Be2 Rb8 13. e4 Bd6 14. f4 Nf3+ 15.
Bxf3 Bxf4 16. Bxf4 Qxf4 17. Ne2 Qe5 18. Qc3 Nd7 19. Bg4 Qxc3+ 20. Rxc3 Ne5 21.
Bh3 Ke7 22. f4 Ng6 23. dxc6 bxc6 24. b3 Rb6 25. Kf2 Rd8 26. Ke3 Rd6 27. Rhc1
Nh4 28. Nd4 Rg6 29. Nxc6+ 1-0

[Event "I Open"]
[Site "Trento ITA"]
[Date "2008.03.28"]
[Round "1"]
[White "Keim, Simon"]
[Black "Fortunato, Vito"]
[Result "0-1"]
[WhiteElo "1473"]
[BlackElo "1874"]
[PlyCount "110"]
[EventDate "2008.03.28"]

1. Nc3 d5 2. e4 d4 3. Nce2 c5 4. Ng3 a6 5. a4 Nc6 6. Bc4 Nf6 7. Nf3 g6 8. Ng5
Ne5 9. Qe2 Nxc4 10. Qxc4 e6 11. f4 b6 12. Qe2 Bg7 13. O-O O-O 14. d3 Bb7 15.
Bd2 Qd7 16. c4 dxc3 17. Bxc3 Rfd8 18. Rfd1 a5 19. d4 Ba6 20. Qf3 c4 21. Qe2 Qc7
22. e5 Ne8 23. h4 h6 24. Nf3 h5 25. Ng5 Bb7 26. Qc2 Rac8 27. Rac1 Bd5 28. Qb1
Qd7 29. Qc2 Bc6 30. Ra1 Qd5 31. Qe4 Qd7 32. Qc2 Qe7 33. Re1 Bd5 34. Rad1 Bh6
35. Re2 Ng7 36. N3e4 Bxe4 37. Qxe4 Nf5 38. Be1 Rd5 39. Bf2 Qb4 40. Nf3 Qxa4 41.
Ree1 Qd7 42. g3 c3 43. bxc3 Rxc3 44. Ra1 Rc4 45. Red1 Bf8 46. Qd3 Qc7 47. Nd2
Rc3 48. Qe2 Nxd4 49. Bxd4 Rxd4 50. Ne4 Rc2 51. Qe3 Rxd1+ 52. Rxd1 Bc5 53. Nxc5
Qxc5 54. Rd8+ Kg7 55. Qxc5 Rxc5 0-1

[Event "I Open"]
[Site "Trento ITA"]
[Date "2008.03.28"]
[Round "1"]
[White "Kirchner, Davide"]
[Black "Nicolodi, Raoul"]
[Result "0-1"]
[WhiteElo "1422"]
[BlackElo "1827"]
[PlyCount "60"]
[EventDate "2008.03.28"]

1. d4 d5 2. e3 Nf6 3. c4 e6 4. Nc3 Nbd7 5. Nf3 Be7 6. Bd3 O-O 7. O-O b6 8. Bd2
Bb7 9. a3 c5 10. cxd5 Nxd5 11. Bc4 N7f6 12. Re1 Nxc3 13. Bxc3 Ne4 14. Qc2 Nxc3
15. Qxc3 Bxf3 16. gxf3 Bh4 17. Kf1 cxd4 18. exd4 Rc8 19. Qd3 Qc7 20. Rac1 Qxh2
21. Qe3 Qd6 22. Bd3 Bf6 23. Ke2 Qxd4 24. Rh1 Qxe3+ 25. fxe3 Rxc1 26. Rxc1 Bxb2
27. Rh1 g6 28. Rb1 Bxa3 29. Ra1 Bc5 30. Rxa7 h5 0-1

[Event "I Open"]
[Site "Trento ITA"]
[Date "2008.03.28"]
[Round "1"]
[White "La Manna, Andrea"]
[Black "Pichler, Christoph"]
[Result "1/2-1/2"]
[WhiteElo "2153"]
[BlackElo "1632"]
[PlyCount "46"]
[EventDate "2008.03.28"]

1. d4 d5 2. c4 e6 3. Nc3 Nf6 4. cxd5 exd5 5. Bg5 Nbd7 6. e3 c6 7. Bd3 Be7 8.
Qc2 O-O 9. Nge2 Re8 10. O-O Nf8 11. f3 Be6 12. e4 dxe4 13. fxe4 Rc8 14. Rad1
Ng6 15. Bxf6 Bxf6 16. e5 Bg5 17. Ne4 Be7 18. Nc5 Bxc5 19. Qxc5 Qb6 20. Qxb6
axb6 21. Nc3 Red8 22. Bb1 Ne7 23. Na4 Nd5 1/2-1/2

[Event "I Open"]
[Site "Trento ITA"]
[Date "2008.03.28"]
[Round "1"]
[White "Luciani, Valerio"]
[Black "Spornberger, Peter"]
[Result "1-0"]
[WhiteElo "2217"]
[BlackElo "1646"]
[PlyCount "27"]
[EventDate "2008.03.28"]

1. d4 d5 2. c4 e6 3. Nc3 Nf6 4. cxd5 exd5 5. Bg5 Be7 6. e3 O-O 7. Qc2 a6 8. Bd3
h6 9. Bh4 Nc6 10. a3 Re8 11. Nge2 Be6 12. O-O Nh7 13. Bxe7 Qxe7 14. Bxh7+ 1-0

[Event "I Open"]
[Site "Trento ITA"]
[Date "2008.03.28"]
[Round "1"]
[White "Mukic, Josko"]
[Black "Buglisi, Massimo"]
[Result "1-0"]
[WhiteElo "2337"]
[BlackElo "1656"]
[PlyCount "65"]
[EventDate "2008.03.28"]

1. d4 Nf6 2. Bf4 g6 3. e3 Bg7 4. Nf3 d6 5. h3 O-O 6. Be2 b6 7. O-O Ba6 8. c4 c5
9. Nc3 Nc6 10. a3 cxd4 11. exd4 Rc8 12. b4 Nb8 13. Qb3 Nbd7 14. Rac1 Bb7 15. d5
h6 16. Rfe1 g5 17. Be3 g4 18. hxg4 Nxg4 19. Bd4 Nge5 20. Nxe5 Nxe5 21. Red1 Qd7
22. f4 Ng6 23. Bxg7 Kxg7 24. Rf1 Rg8 25. Nb5 a6 26. Nd4 Kf8 27. Qg3 e5 28. dxe6
fxe6 29. f5 Nf4 30. fxe6 Rxg3 31. Rxf4+ Kg8 32. exd7 Rxg2+ 33. Kf1 1-0

[Event "I Open"]
[Site "Trento ITA"]
[Date "2008.03.28"]
[Round "1"]
[White "Paltrinieri, Nicholas"]
[Black "Rizzoli, Aluna"]
[Result "1-0"]
[WhiteElo "1896"]
[BlackElo "1488"]
[PlyCount "99"]
[EventDate "2008.03.28"]

1. f4 d5 2. e3 Nf6 3. Nf3 Nc6 4. Bb5 Bd7 5. b3 g6 6. Bb2 Bg7 7. O-O O-O 8. Qe2
Nb4 9. Bxd7 Nxd7 10. Bxg7 Kxg7 11. d3 c5 12. Nc3 Nb6 13. e4 d4 14. Nd1 e6 15.
Nf2 Qc7 16. Qd2 Rfe8 17. Kh1 a5 18. a4 Rac8 19. g4 f6 20. Rg1 h6 21. f5 g5 22.
fxe6 Rxe6 23. Kg2 Rh8 24. h3 Nd7 25. Nh1 Nc6 26. Ng3 Ne7 27. Raf1 b6 28. Rf2
Rf8 29. Rgf1 Ng6 30. Nh5+ Kh7 31. Ng1 Nh4+ 32. Kh1 Kg6 33. Nf3 Nxf3 34. Rxf3
Re5 35. Kg2 Qd6 36. Ng3 Nb8 37. Nf5 Qd8 38. h4 Nc6 39. hxg5 hxg5 40. Rh3 Rh8
41. Rxh8 Qxh8 42. Rh1 Qd8 43. Kg1 Re8 44. Rh6+ Kf7 45. Rh7+ Ke6 46. Ng7+ Kd6
47. Nxe8+ Qxe8 48. Rh6 Qf7 49. Qxg5 Ke6 50. Qd5+ 1-0

[Event "I Open"]
[Site "Trento ITA"]
[Date "2008.03.28"]
[Round "1"]
[White "Porpora, Ivano"]
[Black "De Nisi, Mario"]
[Result "1-0"]
[WhiteElo "1551"]
[BlackElo "1956"]
[PlyCount "91"]
[EventDate "2008.03.28"]

1. e4 e6 2. d4 d5 3. Nc3 Nf6 4. e5 Nfd7 5. Be3 c5 6. f4 Nc6 7. Nf3 Qb6 8. Qd2
c4 9. a3 a6 10. Rb1 Qc7 11. Be2 b5 12. Nd1 a5 13. O-O b4 14. axb4 axb4 15. b3
c3 16. Qe1 Ba6 17. Ra1 Qb7 18. Nf2 Bxe2 19. Qxe2 Be7 20. Nd3 O-O 21. g4 Ra7 22.
f5 Rfa8 23. Rac1 Ra2 24. Qg2 Na5 25. Qh3 Qb5 26. fxe6 fxe6 27. Nf4 Nf8 28. Qh5
Qe8 29. Qh3 Nc6 30. Rf2 Ra1 31. Rcf1 Rxf1+ 32. Rxf1 Ra2 33. Rf2 Na7 34. g5 Bd8
35. Qg4 Nb5 36. h4 Na3 37. Ne1 Ra1 38. Nfd3 Be7 39. Kh2 Qg6 40. h5 Qe4 41. Qh3
h6 42. Rf4 Qh7 43. g6 Nxg6 44. Qxe6+ Kh8 45. hxg6 Qg8 46. Qxe7 1-0

[Event "I Open"]
[Site "Trento ITA"]
[Date "2008.03.28"]
[Round "1"]
[White "Pretto, Aldo"]
[Black "Kaserer, Hans-Peter"]
[Result "0-1"]
[WhiteElo "1524"]
[BlackElo "1956"]
[PlyCount "100"]
[EventDate "2008.03.28"]

1. Nf3 Nf6 2. g3 b6 3. Bg2 Bb7 4. O-O e6 5. d3 d5 6. Nbd2 g6 7. c4 Bg7 8. cxd5
exd5 9. Re1 O-O 10. e4 dxe4 11. Ng5 Qxd3 12. Ngxe4 Nxe4 13. Nxe4 Qxd1 14. Rxd1
Bc6 15. Bf4 Na6 16. Nf6+ Bxf6 17. Bxc6 Rad8 18. Bb5 Nc5 19. Bxc7 Rxd1+ 20. Rxd1
Bxb2 21. Bc4 Rc8 22. Rd8+ Rxd8 23. Bxd8 Bd4 24. Kg2 Kf8 25. Bc7 Ne4 26. f3 Nc3
27. Kf1 Ke7 28. Ke1 h6 29. Kd2 Na4 30. g4 Nc5 31. Bb8 a6 32. Bf4 b5 33. Bd5 g5
34. Bc7 f6 35. f4 Ne6 36. Bxe6 Kxe6 37. Kd3 Kd5 38. f5 Be5 39. Bd8 Kd6 40. h3
Kd7 41. Bb6 Kc6 42. Ba5 Bc7 43. Bc3 Bd8 44. Bb4 a5 45. Bf8 b4 46. Kc4 Kd7 47.
Kb5 Ke8 48. Bc5 Kd7 49. Bb6 Bxb6 50. Kxb6 a4 0-1

[Event "I Open"]
[Site "Trento ITA"]
[Date "2008.03.28"]
[Round "1"]
[White "Ricci, Alfredo"]
[Black "Tencheni, Maurizio"]
[Result "1-0"]
[WhiteElo "2015"]
[BlackElo "1560"]
[PlyCount "53"]
[EventDate "2008.03.28"]

1. e4 e5 2. Nf3 Nf6 3. Nc3 Bb4 4. d3 d6 5. Be2 Nc6 6. O-O O-O 7. Bg5 h6 8. Bh4
Bxc3 9. bxc3 Re8 10. Nd2 g5 11. Bg3 Be6 12. d4 exd4 13. cxd4 Nxd4 14. Bd3 Bg4
15. f3 Bd7 16. f4 Bg4 17. Qe1 Be2 18. Qf2 Bxf1 19. Rxf1 Nxe4 20. Nxe4 Rxe4 21.
Bxe4 Ne6 22. fxg5 Nxg5 23. Bh4 Qf8 24. Bxb7 Re8 25. Bd5 Re5 26. c4 Qg7 27. Qxa7
1-0

[Event "I Open"]
[Site "Trento ITA"]
[Date "2008.03.28"]
[Round "1"]
[White "Simioni, Loris"]
[Black "Scharrer, Patrick"]
[Result "0-1"]
[WhiteElo "1655"]
[BlackElo "2225"]
[PlyCount "42"]
[EventDate "2008.03.28"]

1. e4 c5 2. d4 cxd4 3. c3 Nf6 4. e5 Nd5 5. cxd4 e6 6. Bd2 Nc6 7. Nf3 d6 8. Bb5
Bd7 9. Nc3 Nxc3 10. Bxc3 dxe5 11. d5 Nb4 12. dxe6 Bxb5 13. exf7+ Kxf7 14. Qb3+
Qd5 15. Qxd5+ Nxd5 16. Nxe5+ Ke6 17. Bd4 Rc8 18. a3 Bd6 19. Nf3 Kf7 20. Kd1
Rhe8 21. Rc1 Ba4+ 0-1

[Event "I Open"]
[Site "Trento ITA"]
[Date "2008.03.28"]
[Round "1"]
[White "Spornberger, Andre"]
[Black "Dappiano, Andrea"]
[Result "0-1"]
[WhiteElo "1485"]
[BlackElo "1894"]
[PlyCount "92"]
[EventDate "2008.03.28"]

1. d4 d6 2. Bf4 Nf6 3. e3 g6 4. Nf3 Bg7 5. h3 O-O 6. Be2 Bf5 7. O-O Nbd7 8. c4
h6 9. Nc3 g5 10. Bh2 c5 11. Bd3 Bxd3 12. Qxd3 Rc8 13. Rfe1 a6 14. a4 Re8 15. d5
Nf8 16. Rad1 Ng6 17. e4 Nd7 18. b3 Nde5 19. Nxe5 Nxe5 20. Bxe5 Bxe5 21. Ne2 e6
22. Ng3 Qf6 23. Nh5 Qg6 24. Qf3 Rb8 25. a5 b6 26. axb6 Rxb6 27. Ng3 Reb8 28.
Rb1 a5 29. Qd3 exd5 30. cxd5 f6 31. Nf5 Kh7 32. Qc4 Qe8 33. Qc2 Qb5 34. Re3 a4
35. b4 Qd7 36. g3 Rxb4 37. Rbe1 Rb2 38. Qc4 Qb5 39. Qc1 Rb1 40. Qa3 Rb3 41.
Rxb3 Qxb3 42. Qc1 a3 43. h4 a2 44. Qd2 Bc3 45. Qd1 Qxd1 46. Rxd1 Rb1 0-1

[Event "I Open"]
[Site "Trento ITA"]
[Date "2008.03.28"]
[Round "1"]
[White "Spornberger, Maximilian"]
[Black "Scandella, Marco"]
[Result "1-0"]
[WhiteElo "1990"]
[BlackElo "1536"]
[PlyCount "61"]
[EventDate "2008.03.28"]

1. Nf3 d5 2. g3 Nf6 3. Bg2 e6 4. O-O Be7 5. d3 O-O 6. Nbd2 Nc6 7. e4 dxe4 8.
dxe4 Rb8 9. Qe2 Nd7 10. Rd1 Bd6 11. Nc4 Qe7 12. Nxd6 cxd6 13. b3 Nde5 14. Ba3
Nxf3+ 15. Bxf3 Rd8 16. e5 Qg5 17. Bxd6 Ra8 18. h4 Qh6 19. Qb5 g6 20. Bxc6 bxc6
21. Qxc6 Bd7 22. Qf3 Rdc8 23. Rac1 Bc6 24. Qg4 a5 25. Qg5 Qxg5 26. hxg5 Be4 27.
c4 a4 28. b4 Ra7 29. Rd4 Bf5 30. f3 h5 31. g4 1-0

[Event "I Open"]
[Site "Trento ITA"]
[Date "2008.03.28"]
[Round "1"]
[White "Taufer, Marco"]
[Black "La Venia, Stefano"]
[Result "0-1"]
[WhiteElo "1416"]
[BlackElo "1754"]
[PlyCount "62"]
[EventDate "2008.03.28"]

1. d4 d5 2. c4 Nc6 3. Nf3 e6 4. Nc3 Nf6 5. Bg5 Be7 6. e3 a6 7. c5 O-O 8. Bd3
Re8 9. O-O h6 10. Bh4 b5 11. cxb6 cxb6 12. a3 b5 13. b4 Bb7 14. Rc1 e5 15. dxe5
Ng4 16. Bxe7 Rxe7 17. e6 fxe6 18. Qb3 Nge5 19. Nxe5 Nxe5 20. Rcd1 Rc8 21. f4
Nc4 22. Bxc4 Rxc4 23. Ne2 Rec7 24. Nd4 Rc3 25. Qb2 Rxe3 26. Rfe1 Rxe1+ 27. Rxe1
Re7 28. Nxe6 Qb6+ 29. Kf1 Rxe6 30. Re5 Qc6 31. Qe2 Qc1+ 0-1

[Event "I Open"]
[Site "Trento ITA"]
[Date "2008.03.28"]
[Round "1"]
[White "Teutsch, Alexander"]
[Black "Castellano, Alfonso"]
[Result "0-1"]
[WhiteElo "1494"]
[BlackElo "1936"]
[PlyCount "70"]
[EventDate "2008.03.28"]

1. Nf3 Nf6 2. g3 g6 3. b4 Bg7 4. Bb2 O-O 5. Bg2 c6 6. O-O d5 7. d3 Re8 8. Nbd2
Nbd7 9. c4 e5 10. cxd5 Nxd5 11. Qb3 Qe7 12. a3 Nc7 13. Rac1 a5 14. Ra1 Kh8 15.
Nc4 axb4 16. axb4 Rxa1 17. Rxa1 Nb5 18. e3 f6 19. Na3 Nd6 20. Nc4 Nb5 21. Na3
Nc7 22. Nc4 Bf8 23. Ba3 Nb5 24. Rb1 Nb8 25. Bc1 Be6 26. Bd2 Rd8 27. h3 e4 28.
Nd4 exd3 29. Qxd3 Bxc4 30. Qxc4 Na3 31. Qb3 Nxb1 32. Qxb1 Nd7 33. Bxc6 Ne5 34.
Bg2 Nc4 35. Be1 Bh6 0-1

[Event "I Open"]
[Site "Trento ITA"]
[Date "2008.03.29"]
[Round "2"]
[White "Barro, Francesco"]
[Black "Porpora, Ivano"]
[Result "1-0"]
[WhiteElo "2025"]
[BlackElo "1551"]
[PlyCount "39"]
[EventDate "2008.03.28"]

1. e4 g6 2. Nc3 Bg7 3. d3 d6 4. Be3 Nf6 5. Be2 O-O 6. Qd2 Nc6 7. h4 h5 8. O-O-O
a5 9. f3 Nb4 10. a3 d5 11. d4 Nc6 12. e5 Nh7 13. Bh6 f5 14. Bxg7 Kxg7 15. Nh3
e6 16. g4 Qxh4 17. gxh5 g5 18. Nxg5 Qf2 19. Rdg1 Kh8 20. Nxh7 1-0

[Event "I Open"]
[Site "Trento ITA"]
[Date "2008.03.29"]
[Round "2"]
[White "Boerci, Roberto"]
[Black "Kirchner, Davide"]
[Result "1-0"]
[WhiteElo "1614"]
[BlackElo "1422"]
[PlyCount "69"]
[EventDate "2008.03.28"]

1. Nf3 d5 2. g3 Bg4 3. Bg2 e6 4. d3 Nf6 5. Nbd2 Be7 6. O-O c5 7. c3 O-O 8. h3
Bh5 9. e4 Nc6 10. Qe1 Re8 11. e5 Nd7 12. Nb3 Rc8 13. Bf4 b5 14. d4 cxd4 15.
Nbxd4 a6 16. h4 Qb6 17. Nxc6 Rxc6 18. Be3 Qb7 19. Bd4 Rec8 20. Qe3 b4 21. Rfe1
Nc5 22. Nd2 Qc7 23. c4 Qd7 24. b3 Rf8 25. Bh3 f6 26. exf6 Bxf6 27. Bxf6 Rxf6
28. cxd5 Qxd5 29. Bg2 Qd6 30. Bxc6 Qxc6 31. Rac1 Bg4 32. Rxc5 Qb7 33. Qe4 Qd7
34. Qxb4 Kf7 35. Ne4 1-0

[Event "I Open"]
[Site "Trento ITA"]
[Date "2008.03.29"]
[Round "2"]
[White "Brunelli, Flavio"]
[Black "Forer, Erich"]
[Result "0-1"]
[WhiteElo "1659"]
[BlackElo "1482"]
[PlyCount "125"]
[EventDate "2008.03.28"]

1. e4 d6 2. d4 Nf6 3. Nc3 e5 4. dxe5 dxe5 5. Qxd8+ Kxd8 6. Bg5 Be6 7. Nf3 Bd6
8. O-O-O Nbd7 9. Nb5 Ke7 10. Nxd6 cxd6 11. Nd2 Rhc8 12. b3 a5 13. Bc4 Nc5 14.
Bxe6 fxe6 15. Nc4 Ncxe4 16. Bxf6+ gxf6 17. Rhe1 Nc3 18. Rd3 Nxa2+ 19. Kb2 Nb4
20. Rh3 Rh8 21. Rh6 Nd5 22. Nd2 b5 23. Re4 f5 24. Reh4 Nf6 25. h3 Rag8 26. g3
Rg7 27. c4 b4 28. c5 d5 29. Nf3 Rc8 30. Nxe5 Rxc5 31. Nd3 Rc7 32. Ne5 Kd6 33.
Nd3 Ne4 34. g4 fxg4 35. hxg4 Rc3 36. Nf4 Ng5 37. Ne2 Rf3 38. Nd4 Rxf2+ 39. Kb1
Kd7 40. R6h5 Rd2 41. Nc2 Kd6 42. Ne3 Ke5 43. Rh1 Re2 44. Nc2 d4 45. Rd1 Re4 46.
Ne1 Rxg4 47. Nf3+ Kd5 48. Nxd4 Rxd4 49. Rg1 h6 50. Rxh6 Kd6 51. Rh5 Rd5 52. Rh8
Ke5 53. Rh5 Kf5 54. Rh6 Rd3 55. Kb2 Rg6 56. Rh8 e5 57. Rf1+ Rf3 58. Rg1 e4 59.
Ra8 e3 60. Rxa5+ Kf4 61. Rb5 Rf2+ 62. Kc1 Rc6+ 63. Kd1 0-1

[Event "I Open"]
[Site "Trento ITA"]
[Date "2008.03.29"]
[Round "2"]
[White "Buglisi, Massimo"]
[Black "Spornberger, Andre"]
[Result "1-0"]
[WhiteElo "1656"]
[BlackElo "1485"]
[PlyCount "113"]
[EventDate "2008.03.28"]

1. d4 g6 2. c4 Bg7 3. Nc3 Nf6 4. e4 d6 5. f3 O-O 6. Be3 e5 7. Nge2 Nbd7 8. Qd2
a6 9. g4 c5 10. d5 Qa5 11. h4 b5 12. Ng3 Nb6 13. cxb5 Bb7 14. h5 Na4 15. hxg6
fxg6 16. Be2 Nxc3 17. bxa6 Bxa6 18. Bxa6 Rxa6 19. Qxc3 Qxc3+ 20. bxc3 Ra3 21.
Kd2 Rfa8 22. Kd3 Rxa2 23. Rxa2 Rxa2 24. Rb1 Ra4 25. Rb6 Bf8 26. Bg5 Ne8 27. Rb8
Kf7 28. Nf1 h6 29. Bh4 g5 30. Bg3 Ra1 31. Ne3 Rh1 32. Kc4 Rh3 33. Nf5 h5 34.
gxh5 Rxh5 35. Kb5 Rh1 36. Kc6 Rh3 37. Rb2 Ng7 38. Rb7+ Kg8 39. Nxg7 Bxg7 40.
Be1 Bf8 41. Bd2 Rxf3 42. Bxg5 Rxc3 43. Be7 c4 44. Rb8 Rf3 45. Bxd6 c3 46. Bxe5
c2 47. Bb2 Rc3+ 48. Kd7 c1=Q 49. Bxc1 Rxc1 50. e5 Rc5 51. Ke6 Kg7 52. d6 Bxd6
53. exd6 Rc1 54. d7 Re1+ 55. Kf5 Rf1+ 56. Ke4 Re1+ 57. Kf3 1-0

[Event "I Open"]
[Site "Trento ITA"]
[Date "2008.03.29"]
[Round "2"]
[White "Castellano, Alfonso"]
[Black "Mukic, Josko"]
[Result "1/2-1/2"]
[WhiteElo "1936"]
[BlackElo "2337"]
[PlyCount "66"]
[EventDate "2008.03.28"]

1. c4 f5 2. Nc3 Nf6 3. g3 g6 4. Bg2 Bg7 5. Nf3 O-O 6. O-O d6 7. d4 Nc6 8. Rb1
e5 9. d5 Ne7 10. b4 h6 11. h4 Ng4 12. Rb3 a5 13. a3 axb4 14. axb4 Bd7 15. b5 b6
16. Ne1 Ra1 17. Nc2 Ra8 18. Nb4 f4 19. f3 Nf6 20. g4 Nxg4 21. fxg4 Bxg4 22. Nc6
Nxc6 23. dxc6 Qxh4 24. Nd5 Qd8 25. Bh3 Bxh3 26. Rxh3 g5 27. Qd3 g4 28. Rh5 Qe8
29. Rf5 Rf7 30. Qe4 Qe6 31. Rh5 Re8 32. Bb2 g3 33. Rh4 Qc8 1/2-1/2

[Event "I Open"]
[Site "Trento ITA"]
[Date "2008.03.29"]
[Round "2"]
[White "Centofante, Maria Rosa"]
[Black "Taufer, Marco"]
[Result "1/2-1/2"]
[WhiteElo "1571"]
[BlackElo "1416"]
[PlyCount "102"]
[EventDate "2008.03.28"]

1. d4 e6 2. Nf3 Nf6 3. c4 d5 4. Nc3 c5 5. cxd5 Nxd5 6. e4 Nxc3 7. bxc3 cxd4 8.
cxd4 Bb4+ 9. Bd2 Bxd2+ 10. Qxd2 O-O 11. Bd3 Nc6 12. Qc3 Bd7 13. O-O Rc8 14. Qb2
b6 15. Rac1 Qf6 16. e5 Qf4 17. Bb5 Rfd8 18. Rfd1 Nb8 19. Bxd7 Nxd7 20. Nd2 Nf8
21. Nc4 Ng6 22. Nd6 Rxc1 23. Rxc1 Qg4 24. h3 Qh5 25. Rc7 Qd1+ 26. Kh2 Qa4 27.
Rxf7 Rxd6 28. Rxa7 Qxa7 29. exd6 Qd7 30. Qxb6 Nh4 31. Qb8+ Kf7 32. Qc7 Ke8 33.
Qb8+ Qd8 34. Qb4 Kf7 35. Qb7+ Ke8 36. Qc6+ Qd7 37. Qc7 Qxc7 38. dxc7 Kd7 39.
Kg3 Nf5+ 40. Kf4 Nxd4 41. c8=Q+ Kxc8 42. Ke5 Ne2 43. Kxe6 Nf4+ 44. Kf7 Nxg2 45.
Kxg7 h5 46. h4 Nxh4 47. Kh6 Nf5+ 48. Kxh5 Nd4 49. Kg4 Kd7 50. f4 Kc6 51. Kg5
Kb5 1/2-1/2

[Event "I Open"]
[Site "Trento ITA"]
[Date "2008.03.29"]
[Round "2"]
[White "Dappiano, Andrea"]
[Black "Luciani, Valerio"]
[Result "1/2-1/2"]
[WhiteElo "1894"]
[BlackElo "2217"]
[PlyCount "52"]
[EventDate "2008.03.28"]

1. c4 e5 2. Nc3 Nf6 3. Nf3 Nc6 4. e4 Bc5 5. Nxe5 Nxe5 6. d4 Bb4 7. dxe5 Nxe4 8.
Qd4 Nxc3 9. bxc3 Be7 10. Qg4 g6 11. Bh6 Bf8 12. Bxf8 Kxf8 13. Qd4 Kg7 14. Bd3
Re8 15. O-O Kg8 16. Rfe1 d6 17. exd6 Rxe1+ 18. Rxe1 cxd6 19. c5 d5 20. Be4 Be6
21. Rd1 Qa5 22. Bxd5 Rd8 23. Qc4 Qa3 24. g3 Bxd5 25. Rxd5 Rxd5 26. Qxd5 Qxc3
1/2-1/2

[Event "I Open"]
[Site "Trento ITA"]
[Date "2008.03.29"]
[Round "2"]
[White "De Nisi, Mario"]
[Black "Teutsch, Alexander"]
[Result "1-0"]
[WhiteElo "1956"]
[BlackElo "1494"]
[PlyCount "77"]
[EventDate "2008.03.28"]

1. d4 d5 2. c4 e6 3. Nc3 Nf6 4. cxd5 exd5 5. Bg5 c6 6. e3 Be7 7. Qc2 Be6 8. Bd3
h6 9. Bh4 Nbd7 10. Nge2 Nh5 11. Bxe7 Qxe7 12. O-O Rf8 13. f3 f5 14. Nf4 Nxf4
15. exf4 O-O-O 16. Rfe1 g6 17. b4 Kb8 18. Qb2 Qf6 19. Na4 b5 20. Nc5 Nxc5 21.
bxc5 Bd7 22. a4 a6 23. axb5 cxb5 24. Re5 Qc6 25. Qa2 Kb7 26. Kf2 Rfe8 27. Rae1
Rxe5 28. Rxe5 Be6 29. Qe2 Re8 30. g4 fxg4 31. Bxg6 Re7 32. f5 gxf3 33. Qe3 b4
34. Rxe6 Rxe6 35. Qxe6 Qc7 36. Qb6+ Qxb6 37. cxb6 b3 38. f6 Kxb6 39. f7 1-0

[Event "I Open"]
[Site "Trento ITA"]
[Date "2008.03.29"]
[Round "2"]
[White "De Nisi, Roberta"]
[Black "Pedrotti, Luciano"]
[Result "1-0"]
[WhiteElo "1850"]
[BlackElo "1857"]
[PlyCount "89"]
[EventDate "2008.03.28"]

1. c4 Nf6 2. d4 e6 3. Nc3 Bb4 4. f3 O-O 5. e4 d6 6. Bd3 c5 7. d5 exd5 8. exd5
Nbd7 9. Nge2 Ne5 10. O-O h6 11. a3 Nxd3 12. Qxd3 Bxc3 13. Nxc3 a6 14. b4 b6 15.
bxc5 bxc5 16. Rb1 Qc7 17. Bd2 Re8 18. Rb3 Nd7 19. Ne4 Ne5 20. Qc2 Bd7 21. Rb2
f5 22. Ng3 Rab8 23. Rfb1 Rxb2 24. Rxb2 Rb8 25. Rxb8+ Qxb8 26. f4 Nf7 27. Nxf5
Bxf5 28. Qxf5 Qb2 29. Qd3 Nh8 30. Kf2 Qf6 31. g3 h5 32. Bc3 Qf7 33. Qe4 Ng6 34.
Qe6 Qxe6 35. dxe6 Ne7 36. Ke3 Kf8 37. Ke4 g6 38. h3 Nf5 39. g4 hxg4 40. hxg4
Ng3+ 41. Kf3 Nf1 42. f5 gxf5 43. gxf5 Ke7 44. Kf4 a5 45. Bxa5 1-0

[Event "I Open"]
[Site "Trento ITA"]
[Date "2008.03.29"]
[Round "2"]
[White "Facchetti, Lorenzo"]
[Black "Spornberger, Maximilian"]
[Result "0-1"]
[WhiteElo "1674"]
[BlackElo "1990"]
[PlyCount "84"]
[EventDate "2008.03.28"]

1. d4 g6 2. c4 Bg7 3. Nc3 Nf6 4. e4 d6 5. Nf3 O-O 6. Be2 e5 7. O-O Nbd7 8. dxe5
dxe5 9. Qc2 c6 10. Rd1 Qe7 11. h3 a5 12. Be3 Nc5 13. a3 Bd7 14. Rab1 Rfd8 15.
b4 axb4 16. axb4 Na6 17. c5 Nc7 18. Na4 Rxa4 19. Qxa4 Nxe4 20. Qc2 f5 21. Bd3
Nf6 22. Bc4+ Kh8 23. Bg5 h6 24. Bxf6 Bxf6 25. Re1 e4 26. Nd2 Kg7 27. Rbd1 Nd5
28. Bxd5 cxd5 29. Nb3 Bb5 30. Nd4 Bc4 31. b5 Bxd4 32. Rxd4 Qxc5 33. Qc3 Kh7 34.
Red1 Rc8 35. Qa5 Bb3 36. R1d2 Qd6 37. Qa1 Qe5 38. Qb1 Bc4 39. Qb4 Bd3 40. Rd1
Rc2 41. Qa4 Qf4 42. f3 Qg3 0-1

[Event "I Open"]
[Site "Trento ITA"]
[Date "2008.03.29"]
[Round "2"]
[White "Filosi, Andrea"]
[Black "Brunelli, Giovanni"]
[Result "0-1"]
[WhiteElo "1500"]
[BlackElo "1870"]
[PlyCount "54"]
[EventDate "2008.03.28"]

1. e4 e6 2. d4 d5 3. e5 c5 4. c3 Nc6 5. Nf3 Qb6 6. Bd3 Bd7 7. dxc5 Bxc5 8. Qc2
Nge7 9. b4 Bxb4 10. cxb4 Nxb4 11. Qd2 Rc8 12. a3 Nxd3+ 13. Ke2 Bb5 14. Kd1
Rxc1+ 15. Qxc1 Nxc1 16. Kxc1 O-O 17. Ra2 Rc8+ 18. Rc2 Rxc2+ 19. Kxc2 Qxf2+ 20.
Nbd2 Nf5 21. Rc1 h6 22. Kb2 Nd4 23. Rf1 Bxf1 24. Nxd4 Qxd2+ 25. Nc2 Bd3 26. Kb3
Bxc2+ 27. Kb2 Ba4+ 0-1

[Event "I Open"]
[Site "Trento ITA"]
[Date "2008.03.29"]
[Round "2"]
[White "Fortunato, Vito"]
[Black "Di Cecco, Giuseppe"]
[Result "1-0"]
[WhiteElo "1874"]
[BlackElo "2092"]
[PlyCount "61"]
[EventDate "2008.03.28"]

1. Nf3 Nf6 2. c4 g6 3. g3 Bg7 4. Bg2 O-O 5. O-O d6 6. d4 Nc6 7. Nc3 a6 8. h3
Rb8 9. e4 e5 10. Be3 b5 11. cxb5 exd4 12. Nxd4 Nxd4 13. Bxd4 axb5 14. e5 dxe5
15. Ba7 Bd7 16. Bxb8 Qxb8 17. Qe2 b4 18. Nd5 Nxd5 19. Bxd5 Bxh3 20. Rfe1 h5 21.
Rac1 Rd8 22. Qc4 Rd7 23. b3 Qb6 24. Qc6 Qd4 25. Red1 Qg4 26. Bf3 Rxd1+ 27. Rxd1
Qg5 28. Qxc7 Qf5 29. Qc6 Bf6 30. Bg2 h4 31. Bxh3 1-0

[Event "I Open"]
[Site "Trento ITA"]
[Date "2008.03.29"]
[Round "2"]
[White "Gromovs, Sergejs"]
[Black "Paltrinieri, Nicholas"]
[Result "1-0"]
[WhiteElo "2378"]
[BlackElo "1896"]
[PlyCount "57"]
[EventDate "2008.03.28"]

1. d4 f5 2. e4 fxe4 3. Nc3 Nf6 4. Bg5 Nc6 5. f3 e3 6. Bb5 e6 7. Nge2 Be7 8.
Bxe3 a6 9. Bxc6 bxc6 10. O-O O-O 11. Ng3 Nd5 12. Nxd5 cxd5 13. f4 Bd6 14. Qg4
Qe7 15. Rae1 a5 16. f5 c5 17. Bg5 Qe8 18. Bh6 Rf7 19. Nh5 Bf8 20. fxe6 Rxf1+
21. Rxf1 Qg6 22. Nf6+ gxf6 23. Rxf6 Bxh6 24. Rxg6+ hxg6 25. Qxg6+ Bg7 26. e7
Ba6 27. dxc5 Bc4 28. b3 Bb5 29. e8=Q+ 1-0

[Event "I Open"]
[Site "Trento ITA"]
[Date "2008.03.29"]
[Round "2"]
[White "Kaserer, Hans-Peter"]
[Black "Battiston, Claudio"]
[Result "1/2-1/2"]
[WhiteElo "1956"]
[BlackElo "1945"]
[PlyCount "28"]
[EventDate "2008.03.28"]

1. d4 d5 2. Nf3 Bf5 3. e3 Nf6 4. Bd3 Bxd3 5. Qxd3 c6 6. Nbd2 e6 7. O-O Be7 8.
Re1 O-O 9. e4 dxe4 10. Nxe4 Nxe4 11. Rxe4 Nd7 12. Rg4 Nf6 13. Rg3 Qd5 14. Rg5
Qe4 1/2-1/2

[Event "I Open"]
[Site "Trento ITA"]
[Date "2008.03.29"]
[Round "2"]
[White "La Venia, Stefano"]
[Black "Ricci, Alfredo"]
[Result "1-0"]
[WhiteElo "1754"]
[BlackElo "2015"]
[PlyCount "67"]
[EventDate "2008.03.28"]

1. e4 c5 2. Nf3 e6 3. Nc3 a6 4. d4 cxd4 5. Nxd4 Qc7 6. Bd3 Nf6 7. O-O d6 8. Be3
b5 9. Rc1 Nbd7 10. f3 Bb7 11. Nce2 d5 12. exd5 Nxd5 13. Bf2 Bd6 14. c4 bxc4 15.
Bxc4 Bxh2+ 16. Kh1 Bf4 17. Bxd5 Bxc1 18. Bxb7 Qxb7 19. Qxc1 O-O 20. b3 Rac8 21.
Qe3 Nf6 22. Ng3 Qd5 23. Qe2 Qg5 24. Qxa6 Ra8 25. Qe2 Nd5 26. Ne4 Qh6+ 27. Kg1
Nf4 28. Qd2 f5 29. Be3 fxe4 30. fxe4 e5 31. Nf5 Qg5 32. Qb2 g6 33. Bxf4 exf4
34. Qg7# 1-0